[Event "Moscow City Team-ch"]
[Site "Moscow"]
[Date "2021.09.11"]
[Round "1"]
[White "Zaitseva, Lyudmila"]
[Black "Frolov, Maxim"]
[Result "1-0"]
[WhiteElo "1883"]
[BlackElo "1701"]
[PlyCount "69"]
[EventDate "2021.09.11"]
[EventType "team-swiss"]
[EventRounds "7"]
[EventCountry "RUS"]
[SourceTitle "EXT 2022"]
[Source "ChessBase"]
[SourceDate "2021.10.06"]
[SourceVersion "1"]
[SourceVersionDate "2021.10.06"]
[SourceQuality "1"]

1. d4 Nf6 2. c4 g6 3. Nc3 d5 4. cxd5 Nxd5 5. Na4 Bg7 6. e4 Nb6 7. Be3 0-0 8. Nf3 Bg4 9. Be2 Nc6 10. d5 Nxa4 11. Qxa4 Ne5 12. Nxe5 Bxe2 13. Nxg6 hxg6 14. Kxe2 Qd6 15. h4 Qe5 16. Rab1 e6 17. dxe6 Qxe6 18. f3 Qe5 19. Kf2 Rfd8 20. h5 Rd6 21. h6 Bf8 22. f4 Qe6 23. h7+ Kh8 24. Bd4+ Bg7 25. Bxg7+ Kxg7 26. Qb4 Rad8 27. Qc3+ f6 28. Qxc7+ R6d7 29. Rbd1 Rxc7 30. Rxd8 Qb6+ 31. Kf3 Rc3+ 32. bxc3 Qxd8 33. h8Q+ Qxh8 34. Rxh8 Kxh8 35. e5 1-0

[Event "Moscow op (Women) 17th"]
[Site "Moscow"]
[Date "2021.02.27"]
[Round "8"]
[White "Nosacheva, Mariya"]
[Black "Zaitseva, Lyudmila"]
[Result "1-0"]
[WhiteElo "2222"]
[BlackElo "1852"]
[PlyCount "45"]
[EventDate "2021.02.20"]
[EventType "swiss"]
[EventRounds "9"]
[EventCountry "RUS"]
[SourceTitle "CBM 200 Extra"]
[Source "ChessBase"]
[SourceDate "2021.03.31"]
[SourceVersion "1"]
[SourceVersionDate "2021.03.31"]
[SourceQuality "1"]

1. d4 Nf6 2. c4 g6 3. Nc3 Bg7 4. e4 0-0 5. Be2 d6 6. Bg5 h6 7. Be3 c5 8. d5 e6 9. Qd2 exd5 10. exd5 g5 11. h4 gxh4 12. Bxh6 Ng4 13. Bg5 Bf6 14. Nf3 Bxg5 15. Nxg5 Ne5 16. Rxh4 Nbd7 17. 0-0-0 Ng6 18. Rh6 Nf6 19. Rdh1 Bd7 20. f3 a6 21. Bd3 Kg7 22. Nxf7 Kxf7 23. Bxg6+ 1-0

[Event "Moscow op (Women) 16th"]
[Site "Moscow"]
[Date "2020.02.02"]
[Round "9"]
[White "Cassi, Elisa"]
[Black "Zaitseva, Lyudmila"]
[Result "0-1"]
[WhiteElo "1775"]
[BlackElo "2016"]
[PlyCount "60"]
[EventDate "2020.01.25"]
[EventType "swiss"]
[EventRounds "9"]
[EventCountry "RUS"]
[SourceTitle "CBM 194 Extra"]
[Source "ChessBase"]
[SourceDate "2020.03.31"]
[SourceVersion "1"]
[SourceVersionDate "2020.03.31"]
[SourceQuality "1"]

1. e4 e6 2. d4 d5 3. e5 c5 4. c3 Qb6 5. Nf3 Nc6 6. Be2 Nh6 7. Bxh6 Qxb2 8. 0-0 Qxa1 9. Qb3 gxh6 10. Nbd2 c4 11. Qc2 Qxf1+ 12. Nxf1 b5 13. Ng3 a5 14. Nh5 Kd8 15. Nd2 b4 16. Nxc4 dxc4 17. Qe4 Kc7 18. Qf4 Be7 19. Bxc4 bxc3 20. d5 exd5 21. e6+ Bd6 22. Qxf7+ Kb6 23. Bd3 Rf8 24. Qxh7 Bxe6 25. Qxh6 Bf5 26. Qxd6 Bxd3 27. Qxd5 c2 28. Qg5 Rfe8 29. Qc1 Ka6 30. Nf4 Rab8 0-1

[Event "Moscow op (Women) 16th"]
[Site "Moscow"]
[Date "2020.01.28"]
[Round "4"]
[White "Zaitseva, Lyudmila"]
[Black "Volegova, Polina"]
[Result "1-0"]
[WhiteElo "2016"]
[BlackElo "1780"]
[PlyCount "109"]
[EventDate "2020.01.25"]
[EventType "swiss"]
[EventRounds "9"]
[EventCountry "RUS"]
[SourceTitle "CBM 194 Extra"]
[Source "ChessBase"]
[SourceDate "2020.03.31"]
[SourceVersion "1"]
[SourceVersionDate "2020.03.31"]
[SourceQuality "1"]

1. c4 Nf6 2. Nc3 e6 3. e4 d6 4. d4 Nbd7 5. Nf3 c5 6. d5 e5 7. Be2 Be7 8. 0-0 0-0 9. Ne1 Ne8 10. g3 f5 11. exf5 Rxf5 12. Bg4 Rf8 13. Be6+ Kh8 14. Ne4 Ndf6 15. Ng5 Nc7 16. Nf7+ Rxf7 17. Bxf7 Bg4 18. f3 Bh3 19. Rf2 Qf8 20. Be6 Nxe6 21. dxe6 Bxe6 22. Qe2 Qf7 23. b3 Qg6 24. Ng2 Rf8 25. Bb2 Nh5 26. Qe4 Qg5 27. Qxb7 Bh3 28. Bc1 Qf6 29. Ne3 Bd8 30. Qe4 Ba5 31. g4 Nf4 32. Bb2 h5 33. Kh1 Qh4 34. Rc2 hxg4 35. fxg4 Bxg4 36. Nxg4 Qxg4 37. Rg1 Qh5 38. Rf2 Rf7 39. Bc1 g5 40. Bxf4 Rxf4 41. Qa8+ Kg7 42. Qxa7+ Kf6 43. Rfg2 Rh4 44. Qa8 Bc3 45. Qd8+ Ke6 46. Qxg5 Qxg5 47. Rxg5 e4 48. R1g4 Rxg4 49. Rxg4 Kf5 50. Rg3 Be5 51. Rg2 Kf4 52. Kg1 Ke3 53. Kf1 Kd3 54. h4 e3 55. h5 1-0

[Event "St Petersburg Korchnoi Memorial op"]
[Site "St Petersburg"]
[Date "2019.08.21"]
[Round "8"]
[White "Zaitseva, Lyudmila"]
[Black "Gumenniy, Evgeny"]
[Result "1-0"]
[WhiteElo "2100"]
[BlackElo "1797"]
[PlyCount "97"]
[EventDate "2019.08.14"]
[EventType "swiss"]
[EventRounds "9"]
[EventCountry "RUS"]
[SourceTitle "CBM 192"]
[Source "ChessBase"]
[SourceDate "2019.10.31"]
[SourceVersion "1"]
[SourceVersionDate "2019.10.31"]
[SourceQuality "1"]

1. d4 Nf6 2. c4 g6 3. f3 e5 4. Nc3 exd4 5. Qxd4 Nc6 6. Qe3+ Qe7 7. Nb5 Qxe3 8. Bxe3 Bb4+ 9. Kf2 Ba5 10. a3 a6 11. Nc3 Bxc3 12. bxc3 0-0 13. Bd4 Ne8 14. c5 f5 15. e3 d5 16. cxd6 Nxd6 17. Nh3 Be6 18. Nf4 Bf7 19. h4 Na5 20. Rg1 Nb3 21. Rd1 Rad8 22. Bd3 Rde8 23. g4 fxg4 24. Rxg4 c5 25. Bf6 Be6 26. Nxe6 Rxf6 27. Nf4 Re5 28. Bc2 Na5 29. Nd5 Rfe6 30. f4 Rh5 31. Nc7 Rf6 32. Nd5 Re6 33. e4 Kf7 34. Kf3 c4 35. Ne3 b5 36. e5 Nf5 37. Bxf5 gxf5 38. Rg5 Rxh4 39. Rd7+ Ke8 40. Ra7 Rg6 41. Rxf5 Rh3+ 42. Ke4 Nb3 43. Rff7 Nd2+ 44. Kd4 Nb3+ 45. Ke4 Nd2+ 46. Kd5 Nb1 47. Rfb7 Nxc3+ 48. Kd4 Ne2+ 49. Kc5 1-0

[Event "Moscow-ch final (Women)"]
[Site "Moscow"]
[Date "2019.04.04"]
[Round "6"]
[White "Zaitseva, Lyudmila"]
[Black "Smirnova, Ekaterina"]
[Result "0-1"]
[WhiteElo "1926"]
[BlackElo "2178"]
[PlyCount "68"]
[EventDate "2019.03.30"]
[EventType "swiss"]
[EventRounds "9"]
[EventCountry "RUS"]
[SourceTitle "CBM 189 Extra"]
[Source "ChessBase"]
[SourceDate "2019.06.03"]
[SourceVersion "1"]
[SourceVersionDate "2019.06.03"]
[SourceQuality "1"]

1. d4 d5 2. Nf3 Nf6 3. Bf4 c5 4. e3 Nc6 5. dxc5 e6 6. Nc3 Bxc5 7. Bd3 0-0 8. 0-0 Bb4 9. Nb5 a6 10. c3 Ba5 11. Nbd4 Bc7 12. Bxc7 Qxc7 13. Nxc6 bxc6 14. Nd2 e5 15. e4 Rb8 16. b3 a5 17. Rb1 dxe4 18. Nxe4 Nxe4 19. Bxe4 Ba6 20. c4 f5 21. Bc2 Rbd8 22. Qe2 e4 23. Rbd1 Qe5 24. Rxd8 Rxd8 25. Rd1 Rd4 26. Rxd4 Qxd4 27. g4 c5 28. gxf5 Bb7 29. Qg4 Qa1+ 30. Bd1 Qe5 31. Bc2 e3 32. Qe2 Bf3 33. Qe1 e2 34. h3 Qf4 0-1

[Event "Voronezh op-B 22nd"]
[Site "Voronezh"]
[Date "2018.06.15"]
[Round "4"]
[White "Zaitseva, Lyudmila"]
[Black "Garafutdinov, Ainur"]
[Result "1/2-1/2"]
[WhiteElo "1954"]
[BlackElo "2122"]
[PlyCount "102"]
[EventDate "2018.06.12"]
[EventType "swiss"]
[EventRounds "9"]
[EventCountry "RUS"]
[SourceTitle "CBM 185 Extra"]
[Source "ChessBase"]
[SourceDate "2018.07.29"]
[SourceVersion "1"]
[SourceVersionDate "2018.07.29"]
[SourceQuality "1"]

1. d4 f5 2. g3 d6 3. Bg2 g6 4. Nh3 Nf6 5. Nf4 Bg7 6. h4 Nc6 7. d5 Ne5 8. c4 c6 9. Nd2 Qb6 10. Qb3 Bd7 11. Nf3 Nfg4 12. e3 Nxf3+ 13. Bxf3 Ne5 14. Bg2 0-0 15. Bd2 Kh8 16. Bc3 Qa6 17. Rc1 Rab8 18. 0-0 b5 19. cxb5 Rxb5 20. Qc2 c5 21. b3 Rb7 22. Rfd1 Bf6 23. Bf1 Bb5 24. Ne6 Rc8 25. Bxb5 Qxb5 26. Bxe5 Bxe5 27. f4 Bf6 28. h5 gxh5 29. Kf2 Qe8 30. Qxf5 Qg6 31. Qh3 Rg8 32. Rh1 h4 33. gxh4 Qe4 34. Qf3 Qd3 35. Qd1 Qe4 36. Ng5 Bxg5 37. hxg5 e5 38. Qf3 Qf5 39. fxe5 Qxe5 40. Qf6+ Qxf6+ 41. gxf6 Rg6 42. Rc4 Rxf6+ 43. Ke2 Rbf7 44. Rch4 Rf2+ 45. Kd3 Rxa2 46. Rh6 Rd7 47. Rg1 Ra6 48. Re6 h5 49. Rh6+ Rh7 50. Rhg6 Rb7 51. Rh6+ Rh7 1/2-1/2

[Event "Voronezh op-B 22nd"]
[Site "Voronezh"]
[Date "2018.06.14"]
[Round "3"]
[White "Fadin, Evgeny"]
[Black "Zaitseva, Lyudmila"]
[Result "0-1"]
[WhiteElo "2056"]
[BlackElo "1954"]
[PlyCount "138"]
[EventDate "2018.06.12"]
[EventType "swiss"]
[EventRounds "9"]
[EventCountry "RUS"]
[SourceTitle "CBM 185 Extra"]
[Source "ChessBase"]
[SourceDate "2018.07.29"]
[SourceVersion "1"]
[SourceVersionDate "2018.07.29"]
[SourceQuality "1"]

1. Nf3 Nf6 2. c4 g6 3. Nc3 Bg7 4. e4 0-0 5. d4 c6 6. Bd3 d5 7. cxd5 cxd5 8. e5 Ne8 9. Qb3 Nc7 10. h3 Nc6 11. 0-0 b6 12. Rd1 f6 13. Be3 Be6 14. Nb5 Kh8 15. Nxc7 Qxc7 16. Rac1 a6 17. exf6 exf6 18. Qc3 Rfc8 19. Qd2 Qd7 20. Rc3 Bf8 21. Qe2 b5 22. Bd2 Bf5 23. a3 Bxd3 24. Qxd3 Ne7 25. Rdc1 Nf5 26. Qc2 Rc4 27. Qd3 Rac8 28. Be3 Nd6 29. Nd2 Rxc3 30. Rxc3 Nc4 31. Rc2 a5 32. Nb3 a4 33. Nd2 Bd6 34. Nf3 Kg7 35. Ne1 Qe6 36. Nf3 Re8 37. Bd2 Qe4 38. Qxe4 Rxe4 39. Kf1 Kf7 40. Bc3 Bf4 41. g3 Bb8 42. Rc1 h6 43. Rd1 g5 44. Nd2 Re6 45. Re1 Nxd2+ 46. Bxd2 f5 47. Rxe6 Kxe6 48. g4 Ba7 49. Bc3 fxg4 50. hxg4 Kf6 51. Kg2 Bb8 52. f3 Bf4 53. Kf2 Kg6 54. Ke2 h5 55. gxh5+ Kxh5 56. Be1 Bc1 57. Bc3 Kh4 58. Kf2 Kh3 59. Kf1 Kg3 60. Ke2 Kg2 61. Kd1 Be3 62. Ke2 Bf4 63. Be1 Bc1 64. Bc3 Kg3 65. Be1+ Kf4 66. Bc3 Be3 67. Be1 Bxd4 68. Bd2+ Kf5 69. Bc1 Be5 0-1

[Event "Moscow-ch (Women)"]
[Site "Moscow"]
[Date "2018.03.29"]
[Round "6"]
[White "Ivanova, Karina"]
[Black "Zaitseva, Lyudmila"]
[Result "1/2-1/2"]
[WhiteElo "2148"]
[BlackElo "1990"]
[PlyCount "90"]
[EventDate "2018.03.24"]
[EventType "swiss"]
[EventRounds "9"]
[EventCountry "RUS"]
[SourceTitle "CBM 183 Extra"]
[Source "ChessBase"]
[SourceDate "2018.04.19"]
[SourceVersion "1"]
[SourceVersionDate "2018.04.19"]
[SourceQuality "1"]

1. d4 Nf6 2. Nf3 g6 3. c4 Bg7 4. g3 0-0 5. Bg2 d5 6. 0-0 dxc4 7. Na3 c3 8. bxc3 c5 9. e3 Nc6 10. Bb2 Bf5 11. Qe2 e5 12. Rfd1 e4 13. Ne5 Nxe5 14. dxe5 Nd7 15. g4 Be6 16. Bxe4 Qh4 17. f4 Bxg4 18. Bf3 Be6 19. Qf2 Qxf2+ 20. Kxf2 a6 21. c4 Rab8 22. Bd5 Nb6 23. Rab1 Bf5 24. Rbc1 Rfd8 25. e4 Be6 26. Bc3 Na4 27. Ba1 Bd7 28. Nc2 b5 29. Ne3 Bh6 30. Kf3 b4 31. Ng4 Bg7 32. Nf6+ Bxf6 33. exf6 b3 34. axb3 Rxb3+ 35. Kf2 Nb2 36. Rb1 Nxd1+ 37. Rxd1 Kf8 38. Be5 Ke8 39. Ra1 Be6 40. Rxa6 Bxd5 41. exd5 Rb4 42. d6 Rxc4 43. Ra7 Rd7 44. Ra8+ Rd8 45. Ra7 Rd7 1/2-1/2

[Event "Moscow-ch (Women)"]
[Site "Moscow"]
[Date "2018.03.27"]
[Round "4"]
[White "Zaitseva, Lyudmila"]
[Black "Dimitrova, Aleksandra"]
[Result "1-0"]
[WhiteElo "1990"]
[BlackElo "2225"]
[PlyCount "137"]
[EventDate "2018.03.24"]
[EventType "swiss"]
[EventRounds "9"]
[EventCountry "RUS"]
[SourceTitle "CBM 183 Extra"]
[Source "ChessBase"]
[SourceDate "2018.04.19"]
[SourceVersion "1"]
[SourceVersionDate "2018.04.19"]
[SourceQuality "1"]

1. Nf3 Nf6 2. c4 e6 3. g3 b6 4. Bg2 Bb7 5. 0-0 Be7 6. Nc3 0-0 7. Re1 Ne4 8. Nxe4 Bxe4 9. d3 Bb7 10. e4 d6 11. b3 Nd7 12. Bb2 Bf6 13. d4 g6 14. Qc2 Bg7 15. Rad1 Qe7 16. Re2 e5 17. d5 a5 18. Ne1 Bc8 19. a3 f6 20. b4 Qf7 21. Nd3 f5 22. f3 Nf6 23. Rf1 g5 24. Bc1 f4 25. g4 h5 26. h3 Qg6 27. Nf2 Kf7 28. c5 Ba6 29. Nd3 Ke7 30. Rd1 hxg4 31. hxg4 axb4 32. axb4 Nd7 33. c6 Nf6 34. Rf2 Rh8 35. Bf1 Rh4 36. Rh2 Nxg4 37. fxg4 Rxg4+ 38. Rg2 Rh4 39. Nf2 Bc8 40. Nh1 g4 41. Rh2 Rxh2 42. Kxh2 g3+ 43. Kg1 f3 44. Bc4 f2+ 45. Nxf2 gxf2+ 46. Kxf2 Bh3 47. Qd3 Qg2+ 48. Ke1 Bf6 49. Qe2 Qg3+ 50. Kd2 Bg4 51. Qe1 Bg5+ 52. Kc2 Bxd1+ 53. Qxd1 Qg2+ 54. Kc3 Ra1 55. Bxg5+ Qxg5 56. Qxa1 Qe3+ 57. Kc2 Qxe4+ 58. Kb3 b5 59. Bxb5 Qxd5+ 60. Ka4 Qd2 61. Bc4 Qc2+ 62. Kb5 Qf2 63. Qa6 Qf8 64. Qb7 Qd8 65. Bd5 Kf6 66. Qa7 Qe7 67. Qf2+ Kg7 68. Qf5 Qd8 69. Qd7+ 1-0

[Event "Moscow op-B (Women) 14th"]
[Site "Moscow"]
[Date "2018.02.04"]
[Round "9"]
[White "Zaitseva, Lyudmila"]
[Black "Goltseva, Ekaterina"]
[Result "1-0"]
[WhiteElo "1820"]
[BlackElo "2253"]
[PlyCount "175"]
[EventDate "2018.01.27"]
[EventType "swiss"]
[EventRounds "9"]
[EventCountry "RUS"]
[SourceTitle "CBM 182 Extra"]
[Source "ChessBase"]
[SourceDate "2018.02.23"]
[SourceVersion "1"]
[SourceVersionDate "2018.02.23"]
[SourceQuality "1"]

1. e4 e5 2. Nf3 Nc6 3. Bc4 Nf6 4. Ng5 d5 5. exd5 Na5 6. Bb5+ c6 7. dxc6 bxc6 8. Be2 h6 9. Nh3 Bc5 10. 0-0 g5 11. Kh1 g4 12. Ng1 Ne4 13. f3 Nf2+ 14. Rxf2 Bxf2 15. fxg4 Be6 16. Nc3 Bc5 17. d3 Nb7 18. Ne4 Be7 19. Be3 Bd5 20. Bf3 Nd6 21. Ng3 Qc7 22. Bxd5 cxd5 23. Qf3 Qb7 24. Nf5 Nxf5 25. Qxf5 f6 26. Rf1 Qd7 27. Qg6+ Kd8 28. d4 e4 29. c4 Rc8 30. c5 Kc7 31. Qf5 a5 32. Ne2 Qxf5 33. Rxf5 Kc6 34. Nc3 Rcd8 35. Na4 Kb7 36. h3 Kc6 37. Kg1 Rb8 38. b3 Rb7 39. Nb6 Rd8 40. Bxh6 Rxb6 41. cxb6 Kxb6 42. Bd2 Kb5 43. a4+ Ka6 44. Rf1 Rb8 45. Rb1 Ba3 46. Kf2 Rc8 47. Ke2 Rc2 48. Kd1 Ra2 49. g3 e3 50. Bxe3 Rg2 51. Bf4 Bb2 52. h4 Rh2 53. h5 Kb6 54. Be3 Ba3 55. Bd2 Rg2 56. Kc2 Kc6 57. h6 Bb4 58. Rd1 Rh2 59. Kd3 Bxd2 60. Rxd2 Rxh6 61. Ke3 Rh1 62. Rf2 Rb1 63. Rxf6+ Kd7 64. Rb6 Kc7 65. Rb5 Re1+ 66. Kf4 Re4+ 67. Kf5 Rxd4 68. Rxa5 Kc6 69. Rb5 Rd3 70. Kf4 Rd4+ 71. Kf3 Rd3+ 72. Kg2 Re3 73. g5 d4 74. Kf2 Re8 75. Rb4 Kd5 76. Rb7 Rc8 77. Ke2 Rc3 78. g6 Rxg3 79. g7 Kc6 80. Rf7 Kc5 81. Kf2 Rg6 82. Kf3 Rg1 83. Ke4 Re1+ 84. Kf5 Rf1+ 85. Ke6 Rg1 86. Rf5+ Kb4 87. Kf7 Kxb3 88. a5 1-0

[Event "Moscow op-B (Women) 14th"]
[Site "Moscow"]
[Date "2018.02.02"]
[Round "7"]
[White "Zaitseva, Lyudmila"]
[Black "Semenova, Elena"]
[Result "1/2-1/2"]
[WhiteElo "1820"]
[BlackElo "2238"]
[PlyCount "105"]
[EventDate "2018.01.27"]
[EventType "swiss"]
[EventRounds "9"]
[EventCountry "RUS"]
[SourceTitle "CBM 182 Extra"]
[Source "ChessBase"]
[SourceDate "2018.02.23"]
[SourceVersion "1"]
[SourceVersionDate "2018.02.23"]
[SourceQuality "1"]

1. d4 Nf6 2. Nf3 e6 3. e3 d5 4. Bd3 c5 5. b3 cxd4 6. exd4 Bd6 7. 0-0 0-0 8. Bb2 b6 9. Nbd2 Ba6 10. c4 Nc6 11. Rc1 Rc8 12. Ne5 dxc4 13. Ndxc4 Nb4 14. Bb1 Bb7 15. f4 b5 16. Ne3 Qb6 17. Kh1 Rxc1 18. Qxc1 Rc8 19. Qe1 Nbd5 20. f5 Nxe3 21. Qxe3 Bxe5 22. Qxe5 Qc6 23. Qe2 Re8 24. fxe6 Rxe6 25. Qf2 Qe8 26. Bd3 Re3 27. Qf5 a6 28. Rc1 Re1+ 29. Rxe1 Qxe1+ 30. Qf1 Qe3 31. Qe2 Qh3 32. Kg1 Bxg2 33. Qxg2 Qe3+ 34. Kh1 g6 35. Qe2 Qg5 36. Qe5 Qd2 37. Qe2 Qg5 38. Qe5 Qd2 39. Qxf6 Qxb2 40. Qd8+ Kg7 41. Bf1 Qc1 42. Kg1 Qe3+ 43. Kg2 Qe4+ 44. Kf2 Qf4+ 45. Ke1 Qc1+ 46. Ke2 Qc2+ 47. Kf3 Qf5+ 48. Kg2 Qg4+ 49. Kf2 Qf4+ 50. Ke1 Qc1+ 51. Ke2 Qc2+ 52. Ke3 Qc1+ 53. Kf2 1/2-1/2

[Event "Moscow op-B (Women) 14th"]
[Site "Moscow"]
[Date "2018.02.01"]
[Round "6"]
[White "Doluhanova, Evgeniya"]
[Black "Zaitseva, Lyudmila"]
[Result "1/2-1/2"]
[WhiteElo "2342"]
[BlackElo "1820"]
[PlyCount "120"]
[EventDate "2018.01.27"]
[EventType "swiss"]
[EventRounds "9"]
[EventCountry "RUS"]
[SourceTitle "CBM 182 Extra"]
[Source "ChessBase"]
[SourceDate "2018.02.23"]
[SourceVersion "1"]
[SourceVersionDate "2018.02.23"]
[SourceQuality "1"]

1. e4 e6 2. d4 d5 3. Bd3 dxe4 4. Bxe4 Nf6 5. Bf3 c5 6. Ne2 Nc6 7. Be3 e5 8. Bxc6+ bxc6 9. dxe5 Qxd1+ 10. Kxd1 Ng4 11. Nd2 Be7 12. Nc4 Be6 13. f3 0-0-0+ 14. Ke1 Bxc4 15. fxg4 f6 16. Ng3 fxe5 17. Nf5 Bf8 18. Bg5 Rd7 19. Rd1 Be6 20. Rxd7 Kxd7 21. Rf1 g6 22. Bf6 Rg8 23. Ne3 Bd6 24. c4 a5 25. Rf2 Rb8 26. Kd1 a4 27. Kc2 Rc8 28. g5 Rb8 29. g4 Rf8 30. h4 e4 31. Rf1 Rf7 32. b3 axb3+ 33. axb3 Bg3 34. h5 Kc8 35. hxg6 hxg6 36. Rh1 Bf2 37. Rh8+ Kd7 38. Kd2 Bxe3+ 39. Kxe3 Bxg4 40. Kxe4 Bf5+ 41. Ke5 Kc7 42. Bd8+ Kd7 43. Bf6 Kc7 44. Rh2 Rd7 45. Rf2 Bb1 46. Ke6 Rd3 47. Rb2 Rd1 48. Be7 Bf5+ 49. Kf6 Kb6 50. Rf2 Bd3 51. Bd8+ Kb7 52. Ke7 Be4 53. Re2 Bf5 54. Ba5 Rd3 55. Re5 Rxb3 56. Rxc5 Re3+ 57. Kf6 Bb1 58. Bd2 Rf3+ 59. Kg7 Rf5 60. Rxf5 Bxf5 1/2-1/2

[Event "Moscow op-B (Women) 14th"]
[Site "Moscow"]
[Date "2018.01.28"]
[Round "2"]
[White "Afonasieva, Anna"]
[Black "Zaitseva, Lyudmila"]
[Result "0-1"]
[WhiteElo "2178"]
[BlackElo "1820"]
[PlyCount "74"]
[EventDate "2018.01.27"]
[EventType "swiss"]
[EventRounds "9"]
[EventCountry "RUS"]
[SourceTitle "CBM 182 Extra"]
[Source "ChessBase"]
[SourceDate "2018.02.23"]
[SourceVersion "1"]
[SourceVersionDate "2018.02.23"]
[SourceQuality "1"]

1. d4 Nf6 2. Nf3 e6 3. c4 b6 4. g3 Bb7 5. Bg2 Be7 6. 0-0 0-0 7. d5 exd5 8. Nh4 c6 9. cxd5 Nxd5 10. Nf5 Nf6 11. e4 d5 12. e5 Ne8 13. Re1 Bc8 14. Nd4 Nc7 15. Nc3 Ne6 16. Nf5 Na6 17. b3 Nac7 18. Bb2 Rb8 19. Qg4 g6 20. Rad1 Bc5 21. Ne4 h5 22. Qe2 gxf5 23. Nf6+ Kg7 24. Qxh5 Rh8 25. Qxf5 Kf8 26. Nh7+ Kg7 27. Be4 Nd4 28. e6 Bxe6 29. Qe5+ f6 30. Nxf6 Qxf6 31. Qxc7+ Bf7 32. Bg2 Nf3+ 33. Bxf3 Qxb2 34. Re2 Qf6 35. Kg2 Bd6 36. Qxc6 Rxh2+ 37. Kxh2 Qxf3 0-1

[Event "Moscow op-B (Women) 14th"]
[Site "Moscow"]
[Date "2018.01.27"]
[Round "1"]
[White "Zaitseva, Lyudmila"]
[Black "Illina, Natalia"]
[Result "1-0"]
[WhiteElo "1820"]
[BlackElo "2169"]
[PlyCount "63"]
[EventDate "2018.01.27"]
[EventType "swiss"]
[EventRounds "9"]
[EventCountry "RUS"]
[SourceTitle "CBM 182 Extra"]
[Source "ChessBase"]
[SourceDate "2018.02.23"]
[SourceVersion "1"]
[SourceVersionDate "2018.02.23"]
[SourceQuality "1"]

1. e4 c5 2. Nf3 e6 3. d3 Nc6 4. g3 g6 5. Bg2 Bg7 6. 0-0 d6 7. Nbd2 Nge7 8. Re1 0-0 9. c3 Rb8 10. Nf1 b5 11. h4 b4 12. Bd2 Ba6 13. Qc2 bxc3 14. bxc3 Qa5 15. Rab1 Rb6 16. Rxb6 axb6 17. Rb1 b5 18. Ne3 b4 19. d4 bxc3 20. Bxc3 Nb4 21. Bxb4 cxb4 22. Qd2 Rb8 23. Ng4 f6 24. Bf1 Bxf1 25. Kxf1 Qh5 26. Qf4 f5 27. Qxd6 Re8 28. Qxe6+ Kh8 29. Nge5 h6 30. Qf7 Rf8 31. Qxe7 fxe4 32. g4 1-0

[Event "Moscow ACF Botvinnik Memorial U14 Girls"]
[Site "Moscow"]
[Date "2017.11.07"]
[Round "9"]
[White "Pipia, Ekaterine"]
[Black "Zaitseva, Lyudmila"]
[Result "0-1"]
[WhiteElo "1791"]
[BlackElo "1875"]
[PlyCount "144"]
[EventDate "2017.11.02"]
[EventType "tourn"]
[EventRounds "11"]
[EventCountry "RUS"]
[SourceTitle "CBM 181 Extra"]
[Source "ChessBase"]
[SourceDate "2017.12.12"]
[SourceVersion "1"]
[SourceVersionDate "2017.12.12"]
[SourceQuality "1"]

1. d4 Nf6 2. c4 g6 3. Nc3 Bg7 4. Nf3 0-0 5. e4 d6 6. h3 e5 7. d5 Na6 8. Bg5 h6 9. Be3 Nc5 10. Nd2 Nh5 11. g3 a5 12. Be2 Qe7 13. Bxh5 gxh5 14. Bxc5 dxc5 15. Qxh5 f5 16. 0-0-0 a4 17. Rdg1 Bd7 18. Qe2 c6 19. g4 fxe4 20. Ndxe4 Rf4 21. g5 Kh8 22. Kd1 Bf5 23. gxh6 Bxh6 24. Qh5 Qh7 25. Ng5 Bg6 26. Qe2 Rd4+ 27. Ke1 Qe7 28. Ne6 Qf6 29. Nxd4 exd4 30. Ne4 Qf5 31. Nd6 Qf6 32. Qe6 Rf8 33. Qxf6+ Rxf6 34. Rxg6 Rxg6 35. Nxb7 cxd5 36. cxd5 Rb6 37. Nxc5 Rxb2 38. Kf1 Rxa2 39. d6 Bg5 40. Ne6 Ra1+ 41. Ke2 Rxh1 42. Nxg5 Rb1 43. Kd3 a3 44. d7 Rb8 45. Nf7+ Kg8 46. d8Q+ Rxd8 47. Nxd8 a2 48. Nc6 a1Q 49. Nxd4 Qh1 50. Ke3 Qxh3+ 51. f3 Kf7 52. Ke4 Kf6 53. f4 Qa3 54. Ne2 Qb4+ 55. Ke3 Qc5+ 56. Kf3 Qc4 57. Ke3 Kf5 58. Nd4+ Kg4 59. f5 Qc1+ 60. Ke4 Qe1+ 61. Kd5 Kf4 62. Kc5 Qe4 63. f6 Qe5+ 64. Kc4 Qxf6 65. Kd3 Qd6 66. Kc3 Ke4 67. Nb3 Qd3+ 68. Kb4 Kd5 69. Ka4 Qc3 70. Ka3 Kc4 71. Ka2 Qxb3+ 72. Ka1 Qb4 0-1

[Event "Moscow ACF Botvinnik Memorial U14 Girls"]
[Site "Moscow"]
[Date "2017.11.06"]
[Round "7"]
[White "Abrorova, Sabrina"]
[Black "Zaitseva, Lyudmila"]
[Result "0-1"]
[WhiteElo "1596"]
[BlackElo "1875"]
[PlyCount "106"]
[EventDate "2017.11.02"]
[EventType "tourn"]
[EventRounds "11"]
[EventCountry "RUS"]
[SourceTitle "CBM 181 Extra"]
[Source "ChessBase"]
[SourceDate "2017.12.12"]
[SourceVersion "1"]
[SourceVersionDate "2017.12.12"]
[SourceQuality "1"]

1. d4 Nf6 2. c4 g6 3. Nc3 Bg7 4. e4 d6 5. Be2 0-0 6. Nf3 Bg4 7. Nd2 Bxe2 8. Qxe2 Nc6 9. Nf3 Nd7 10. Be3 e5 11. Rd1 Nxd4 12. Nxd4 exd4 13. Bxd4 f5 14. 0-0 Re8 15. Qd3 Ne5 16. Bxe5 Rxe5 17. exf5 Rxf5 18. Rde1 c6 19. Ne4 d5 20. Nc5 Qb6 21. Qe3 Re5 22. Qa3 Rxe1 23. Rxe1 Bd4 24. Nd7 Bxf2+ 25. Kh1 Qd4 26. Qe7 Bh4 27. Qe6+ Kh8 28. Rf1 dxc4 29. Ne5 Qd5 30. Nf7+ Kg7 31. Qe3 Bf6 32. Nh6 Qg5 33. Qf3 Kxh6 34. Qxf6 Qxf6 35. Rxf6 Kg7 36. Rd6 Re8 37. Kg1 Kf7 38. Rd4 b5 39. Rd6 Re6 40. Rd7+ Re7 41. Rd6 Rc7 42. Kf2 Ke7 43. Rd4 c5 44. Rh4 Kd6 45. Ke3 Rf7 46. a4 a6 47. g3 Kd5 48. axb5 axb5 49. Kd2 h5 50. Ke3 Rf5 51. Ke2 b4 52. Ke3 Re5+ 53. Kd2 Re4 0-1

[Event "Moscow ACF Botvinnik Memorial U14 Girls"]
[Site "Moscow"]
[Date "2017.11.03"]
[Round "4"]
[White "Beydullayeva, Govhar"]
[Black "Zaitseva, Lyudmila"]
[Result "1-0"]
[WhiteElo "2216"]
[BlackElo "1875"]
[PlyCount "69"]
[EventDate "2017.11.02"]
[EventType "tourn"]
[EventRounds "11"]
[EventCountry "RUS"]
[SourceTitle "CBM 181 Extra"]
[Source "ChessBase"]
[SourceDate "2017.12.12"]
[SourceVersion "1"]
[SourceVersionDate "2017.12.12"]
[SourceQuality "1"]

1. d4 Nf6 2. c4 g6 3. g3 Bg7 4. Bg2 0-0 5. Nf3 d6 6. 0-0 Nbd7 7. Nc3 e5 8. e4 a6 9. a4 exd4 10. Nxd4 c5 11. Nc2 Ne5 12. b3 Be6 13. Rb1 Nc6 14. Bb2 Re8 15. h3 Nh5 16. Kh2 Qg5 17. h4 Qg4 18. Ne2 Bc8 19. Ne3 Qd7 20. Nd5 Qd8 21. Bxg7 Kxg7 22. Qd2 Be6 23. f4 Bxd5 24. cxd5 Ne7 25. g4 Nf6 26. Qb2 Nexd5 27. exd5 Kg8 28. Bf3 Re3 29. g5 Nh5 30. Bxh5 gxh5 31. Ng3 Qd7 32. Qf2 Rc3 33. f5 Qc7 34. Nxh5 c4 35. Qd4 1-0

[Event "Moscow ACF Botvinnik Memorial U14 Girls"]
[Site "Moscow"]
[Date "2017.11.03"]
[Round "3"]
[White "Zaitseva, Lyudmila"]
[Black "Mkrtchyan, Mariam"]
[Result "1-0"]
[WhiteElo "1875"]
[BlackElo "1921"]
[PlyCount "59"]
[EventDate "2017.11.02"]
[EventType "tourn"]
[EventRounds "11"]
[EventCountry "RUS"]
[SourceTitle "CBM 181 Extra"]
[Source "ChessBase"]
[SourceDate "2017.12.12"]
[SourceVersion "1"]
[SourceVersionDate "2017.12.12"]
[SourceQuality "1"]

1. d4 Nf6 2. c4 g6 3. Nc3 Bg7 4. e4 d6 5. Be2 0-0 6. Nf3 Nbd7 7. Bg5 h6 8. Bh4 e5 9. d5 a5 10. Nd2 Nc5 11. b3 Qe8 12. a3 Nh7 13. 0-0 f5 14. f3 Nf6 15. b4 axb4 16. axb4 Rxa1 17. Qxa1 Na6 18. Qa5 g5 19. Bf2 f4 20. c5 Rf7 21. c6 b6 22. Qa4 Nb8 23. Qa8 g4 24. Qxb8 g3 25. hxg3 fxg3 26. Bxg3 Bf8 27. Bh2 h5 28. Nb5 Bh6 29. Nc4 Rg7 30. Rf2 1-0